Analýza havárie typu LOCA pre APR1400

Saved in:
Bibliographic Details
Main Author: Pančiak, Ivan (Author)
Other Authors: Farkas, Gabriel (Thesis advisor)
Format: Manuscript Book
Language:Slovak
Published: Bratislava : STU v Bratislave FEI, 2024
Subjects:
Online Access:https://opac.crzp.sk/?fn=detailBiblioFormChildI12BU8&sid=2AE6DDBEFC900DBBA05BA83C8A40&seo=CRZP-detail-kniha
Tags: Add Tag
No Tags, Be the first to tag this record!

MARC

LEADER 00000ntm a22000003a 4500
001 stuzp100469
003 SK-STU
005 20250423131836.2
007 ta
008 150427s2015----xo-----f-mn---000-0-slo-d
040 |a STU  |b slo 
041 0 |a slo 
044 |a xo 
100 1 |a Pančiak, Ivan  |u 036000  |4 aut  |U FEI Fakulta elektrotechniky a informatiky  |T FEI Ústav jadrového a fyzikálneho inžinierstva  |X 98536  |U E060  |Y 817  |7 98536 
242 0 1 |a Analysis of the LOCA accident for APR1400  |y eng 
245 1 0 |a Analýza havárie typu LOCA pre APR1400 
260 |a Bratislava :  |b STU v Bratislave FEI,  |c 2024 
300 |a 93 s. 
650 4 |a LOCA  |2 slo 
650 4 |a APR1400  |2 slo 
650 4 |a MARS  |2 slo 
650 4 |a PCT  |2 slo 
650 4 |a APR1400  |2 eng 
650 4 |a MARS  |2 eng 
650 4 |a PCT  |2 eng 
650 4 |a LOCA  |2 eng 
700 1 |a Farkas, Gabriel  |u 036000  |k Z1  |4 ths  |U FEI Fakulta elektrotechniky a informatiky  |T FEI Ústav jadrového a fyzikálneho inžinierstva  |X 1891  |U E060  |Y 817  |7 A000001891 
856 4 |u https://opac.crzp.sk/?fn=detailBiblioFormChildI12BU8&sid=2AE6DDBEFC900DBBA05BA83C8A40&seo=CRZP-detail-kniha